Mejoramiento del proceso de saneamiento de las actividades de carnicería, rosticería, servicios de alimentación, panadería y pastelería de un supermercado con el fin de reducir la incorporación de carga orgánica (expresada como DQO) y de grasas y aceites en el efluente generado
Guardado en:
| Hovedforfatter: | |
|---|---|
| Andre forfattere: | |
| Format: | Bog |
| Sprog: | Spanish |
| Udgivet: |
[San José , Costa Rica]
2018
|
| Fag: | |
| Tags: |
Tilføj Tag
Ingen Tags, Vær først til at tagge denne postø!
|
MARC
| LEADER | 00000nam a22000007a 4500 | ||
|---|---|---|---|
| 003 | 012940 | ||
| 005 | 20230531152927.0 | ||
| 008 | 181029b2018 cr a|||| m||| 00| ||spa d | ||
| 040 | |c cru CEDI | ||
| 100 | |9 644 |a Molina Navarro, Harold Enrique, 1975- | ||
| 245 | |a Mejoramiento del proceso de saneamiento de las actividades de carnicería, rosticería, servicios de alimentación, panadería y pastelería de un supermercado con el fin de reducir la incorporación de carga orgánica (expresada como DQO) y de grasas y aceites en el efluente generado | ||
| 260 | |a [San José , Costa Rica] |c 2018 | ||
| 300 | |a xvi,97hojas :ilustraciones a color | ||
| 500 | |a Práctica dirigida(licenciatura en ingeniería química)--Universidad de Costa Rica. Facultad de Ingeniería. Escuela de Ingeniería Química | ||
| 501 | |a Director de Práctica Dirigida: Fernando González Chacón | ||
| 650 | |x PURIFICACION DE AGUAS RESIDUALES |x CONTROL DE ALIMENTOS |x ACEITES Y GRASAS |x SERVICIOS DE ALIMENTACION - MEDIDAS DE SEGURIDAD |x SERVICIOS DE ALIMENTACION - SANEAMIENTO |x INDUSTRIAS ALIMENTICIAS |9 14421 | ||
| 700 | |9 645 |a González Chacón, Fernando |d Director del TFG | ||
| 942 | |c CEDI |h TFG 8091 |6 TFG_8091_000000000000000 | ||
| 999 | |c 21046 |d 21046 | ||
